The Art Of Seduction (Record no. 215914)

MARC details
000 -LEADER
fixed length control field 00486nam a22001817a 4500
008 - FIXED-LENGTH DATA ELEMENTS--GENERAL INFORMATION
fixed length control field 250717b |||||||| |||| 00| 0 eng d
020 ## - INTERNATIONAL STANDARD BOOK NUMBER
International Standard Book Number 978-186197-769-4
050 ## - LIBRARY OF CONGRESS CALL NUMBER
Classification number HQ 31 .G74 2003
Item number 109085
100 ## - MAIN ENTRY--PERSONAL NAME
Personal name Greene Robert
245 ## - TITLE STATEMENT
Title The Art Of Seduction
260 ## - PUBLICATION, DISTRIBUTION, ETC.
Place of publication, distribution, etc. USA
Name of publisher, distributor, etc. Viking Penguin
300 ## - PHYSICAL DESCRIPTION
Extent IX-467 P.
500 ## - GENERAL NOTE
General note It has selected bibliography together with index
650 ## - SUBJECT ADDED ENTRY
Topical term or geographic name entry element seduction
700 ## - ADDED ENTRY--PERSONAL NAME
Personal name Greene Robert
942 ## - ADDED ENTRY ELEMENTS (KOHA)
Source of classification or shelving scheme Library of Congress Classification
Koha item type Long Loan Book
Holdings
Withdrawn status Lost status Source of classification or shelving scheme Damaged status Not for loan Collection Home library Current library Shelving location Date acquired Inventory number Total checkouts Total renewals Full call number Barcode Date last seen Date last checked out Copy number Price effective from Koha item type
    Library of Congress Classification     Arts & Social Sciences Kisii University Library Kisii University Library On Display 07/17/2025 109085 2 1 HQ 31. G74 2003 000000017513 01/07/2026 12/02/2025 C.1 07/17/2025 Long Loan Book
    Library of Congress Classification     Arts & Social Sciences Kisii University Library Kisii University Library On Display 07/17/2025 109086     HQ 31. G74 2003 000000017932 07/17/2025   C.2 07/17/2025 Long Loan Book
    Library of Congress Classification     Arts & Social Sciences Kisii University Library Kisii University Library On Display 07/17/2025 109088     HQ 31. G74 2003 000000017935 07/17/2025   C.3 07/17/2025 Long Loan Book
    Library of Congress Classification     Arts & Social Sciences Kisii University Library Kisii University Library On Display 07/17/2025 109089     HQ 31. G74 2003 000000017934 07/17/2025   C.4 07/17/2025 Long Loan Book
    Library of Congress Classification     Arts & Social Sciences Kisii University Library Kisii University Library On Display 07/17/2025 109087 1   HQ 31. G74 2003 000000017933 02/03/2026 01/23/2026 C.5 07/17/2025 Long Loan Book
    Library of Congress Classification     Arts & Social Sciences Kisii University Library Kisii University Library On Display 02/27/2026 110977     HQ 31 ,G74 2003   02/27/2026   6 02/27/2026 Long Loan Book
    Library of Congress Classification     Arts & Social Sciences Kisii University Library Kisii University Library On Display 02/27/2026 110978     HQ 31 ,G74 2003   02/27/2026   7 02/27/2026 Long Loan Book
    Library of Congress Classification     Arts & Social Sciences Kisii University Library Kisii University Library On Display 02/27/2026 110976     HQ 31 ,G74 2003   02/27/2026   10 02/27/2026 Long Loan Book
    Library of Congress Classification     Arts & Social Sciences Kisii University Library Kisii University Library On Display 02/27/2026 110980     HQ 31 ,G74 2003   02/27/2026   9 02/27/2026 Long Loan Book
    Library of Congress Classification     Arts & Social Sciences Kisii University Library Kisii University Library On Display 02/27/2026 110979     HQ 31 .G74 2003 000000018475 02/27/2026   8 02/27/2026 Long Loan Book